United States-Japanese relations, the 1970’s
Сохранить в:
| Формат: | |
|---|---|
| Язык: | Undetermined |
| Опубликовано: |
Cambridge
Harvard University Press
1974
|
| Метки: |
Добавить метку
Нет меток, Требуется 1-ая метка записи!
|
| Thư viện lưu trữ: | Trung tâm Học liệu Trường Đại học Cần Thơ |
|---|
| LEADER | 00467nam a2200157Ia 4500 | ||
|---|---|---|---|
| 001 | CTU_107900 | ||
| 008 | 210402s9999 xx 000 0 und d | ||
| 082 | |a 327.73 | ||
| 082 | |b U58 | ||
| 245 | 0 | |a United States-Japanese relations, the 1970’s | |
| 245 | 0 | |c Edited by Priscilla Clapp and Morton H. Halperin | |
| 260 | |a Cambridge | ||
| 260 | |b Harvard University Press | ||
| 260 | |c 1974 | ||
| 904 | |i M.Loan | ||
| 980 | |a Trung tâm Học liệu Trường Đại học Cần Thơ | ||